000 00538nam a22001697a 4500
003 MACL
005 20160129122625.0
008 160129b xxu||||| |||| 00| 0 eng d
040 _cMACL
041 _aHindi
082 _a301/TIW
100 _aतिवारी विजय
_935246
245 _a16 Years साल्‍वड पेपर्स 1994-2009 IAS&PCS संयुक्‍त
260 _aमेरठ
_bअरिहन्‍त पब्लिकेशन्‍स
650 _aSocialogy
_933677
942 _2ddc
_cHIN
999 _c52899
_d52899